statistieken voor Kaart van Australië Quiz

Klik hier om de quiz te nemen!

Generale statistieken

  • Deze quiz is al 209 keer genomen
  • De gemiddelde score is 7 of 8

Antwoord statistieken

Answer % Correct
Tasmanië
94%
Australian Capital Territory
90%
Noordelijk Territorium
90%
West-Australië
89%
Zuid-Australië
88%
Queensland
81%
Nieuw-Zuid-Wales
74%
Victoria
67%

Score Distributie

Percentiel op hoeveel beantwoord

Procent van mensen met elke score

Uw Scoregeschiedenis

U hebt deze quiz nog niet genomen